000 00598nam a2200205 i 4500
001 16722
003 ES-MaACL
005 20230906151401.0
007 t|
008 001027s2000 sp ||||1| spa d
080 _a821.134.2-34"19"
100 1 _aViera, Jorge.
_9114586
245 1 0 _aPan de ayer /
_cJorge Viera. El invitado / Miguel Lizondo.
260 _a[Segorbe] :
_bFundación Max Aub,
_c[2000]
300 _a85 p. ;
_c15 cn.
500 _aXIII Premio "Max Aub" 1999. Finalista.
700 1 _aLizondo, Miguel.
_972630
740 3 _aEl invitado.
852 _aES-MaACL
_jL-23759
_bR.128955
999 _c16722
_d16722